Witch hunting, magic and the new philosophy : an introduction to debates of the scientific revolution 1450-1750 /

Bibliographic Details
Main Author: Easlea, Brian
Format: Book
Language:English
Published: Brighton, Sussex : Atlantic Highlands, N.J. : Harvester ; Humanities, 1980.
Series:Harvester studies in philosophy ; 14.
Subjects:

MARC

Tag First Indicator Second Indicator Subfields
LEADER 00000cam a2200000 a 4500
001 in00000069559
005 20151008054507.0
008 810121s1980 xx 00000 eng d
020 |a 039101806X 
020 |a 0391018086 (pbk.) 
035 |a (OCoLC)07074707 
035 |9 AAJ0824AM 
040 |a OSU  |c OSU  |d TXA  |d UtOrBLW 
043 |a e------ 
049 |a TXAM  |c [1804186] 
090 |a Q127.E8  |b E18 
100 1 |a Easlea, Brian. 
245 1 0 |a Witch hunting, magic and the new philosophy :  |b an introduction to debates of the scientific revolution 1450-1750 /  |c Brian Easlea. 
264 1 |a Brighton, Sussex :  |b Harvester ;  |a Atlantic Highlands, N.J. :  |b Humanities,  |c 1980. 
300 |a xii, 283 pages :  |b illustrations ;  |c 25 cm. 
336 |a text  |b txt  |2 rdacontent 
337 |a unmediated  |b n  |2 rdamedia 
338 |a volume  |b nc  |2 rdacarrier 
490 1 |a [Studies in philosophy ;  |v 14 
500 |a Includes bibliographical references and indexes. 
650 0 |a Science  |z Europe  |x History. 
650 0 |a Science  |x Social aspects  |z Europe. 
830 0 |a Harvester studies in philosophy ;  |v 14. 
999 |a MARS 
999 f f |s 4292eeba-3d57-36e6-a5cb-9b02cb8420cf  |i f360921d-1e55-3cb2-abdf-b381e15126de  |t 0 
952 f f |p ric  |a Texas A&M University  |b Rellis Campus  |c Joint Library Facility  |d Remote Storage  |t 0  |e Q127.E8 E18  |h Library of Congress classification  |i unmediated -- volume  |m A14806198939 
998 f f |a Q127.E8 E18  |t 0  |l Remote Storage